Cinderela (Registo nº 4153)

Detalhes MARC
000 -Etiqueta do registo
Cabeçalho 00626nam0a2200229 4500
005 - Identificador da versão
Campo de controlo 20240904101216.0
010 ## - Número internacional normalizado dos livros (ISBN)
Número (ISBN) 9722600052
100 ## - Dados gerais de processamento
Dados gerais de processamento 20181113d1979 c y0pory5003 ba
101 0# - Língua de publicação
Língua do texto, banda sonora, etc. Português
102 ## - Pais de publicação ou produção
País de publicação Portugal
200 1# - Titulo e menção de responsabilidade
Título próprio Cinderela
Primeira menção de responsabilidade adaptação livre de Eileen
Outras menções de responsabilidade trad. M. Alice Moura Bessa
210 ## - Publicação, Distribuição, etc. 
Lugar da edição, distribuição, etc. Porto
Nome do editor, distribuidor, etc. Civilização
Data da publicação, distribuição, etc. 1979
215 ## - Descrição física 
Indicação específica da natureza do documento e extensão da espécie 20 p.
Outras indicações físicas il. color
225 1# - Colecção 
Título próprio da colecção As crianças e as fábulas
Indicação de volume 2
606 ## - Nome comum usado como assunto
Número de registo de entrada de autoridade 0001509
Palavra de ordem Literatura
Subdivisão de assunto Conto
Código do sistema CA
675 ## - Classificação Decimal Universal (CDU)
Notação 82-34
Edição 3ª ed.
Língua da edição por
702 #0 - Nome de autor-pessoa física (responsabilidade secundária)
Número de registo de entrada de autoridade 0000517
Palavra de ordem Eileen
Número de registo de entrada de autoridade 0001668
Palavra de ordem Bessa
Outra parte do nome não tomada para palavra de ordem M. Alice Moura
Código de função Tradutor
942 ## - Elementos de entrada adicionados (Koha)
Tipo de item no Koha Livro
966 ## - Identificação da Biblioteca
Sigla EBVEN
Exemplares
Situação do levantamento Origin of item (home branch) (coded) Biblioteca de empréstimo Código de barras Cota Circulation type (not for loan) Tipo de documento Nota do exemplar Damaged status
  Biblioteca Escolar das Vendas Biblioteca Escolar das Vendas BEV28 8POR CIN   Livro Sem mensagem